Visit European Countries: move to bordering or jump to almost bordering country - Statistics

General Stats
  • This quiz has been taken 211 times
  • The average score is 20 of 42
Answer Stats
DISTANCE COUNTRY % Correct
Borders United Kingdom
100%
Borders France
74%
Borders Spain
74%
Borders Andorra
73%
Borders Germany
71%
Borders Belgium
65%
Borders Luxembourg
65%
Borders Netherlands
64%
Borders bordering Poland
58%
Borders Belarus
56%
Borders Russia
56%
Borders Ukraine
56%
CTD = 3 H{ungary}
55%
Borders Latvia
55%
Borders Lithuania
55%
Borders Romania
51%
Borders Finland
48%
Borders bordering Norway
48%
Borders Serbia
48%
Borders Sweden
48%
Borders Croatia
44%
Borders Bosnia and Herzegovina
43%
Borders bordering Estonia
43%
Borders Albania
41%
CTD = 3 M{oldova}
41%
Borders Montenegro
41%
Borders Greece
40%
Borders Macedonia
40%
Borders Bulgaria
39%
Borders bordering Kosovo
35%
Borders bordering Slovakia
35%
CTD = 3 P{ortugal}
34%
Borders Austria
33%
CTD = 3 L{iechtenstein}
33%
Borders Czech Republic
32%
CTD = 3 M{onaco}
30%
Borders Italy
26%
Borders San Marino
25%
Borders bordering Switzerland
24%
Borders bordering Denmark
23%
Borders bordering Vatican City
23%
Borders bordering Slovenia
21%
No matching quizzes found
Score Distribution
Percent of People with Each Score
Percentile by Number Answered
Your Score History
You have not taken this quiz